000 00780nam a22002777a 4500
001 BR7603503
003 BR-BrBNA
005 20230928085031.0
007 ta
008 230509b bl.||||| |||| 00| 0 por d
040 _aBR-BrBNA
_bpor
_cBiblioteca Nacional de Agricultura
041 _a(Por)
072 _aL70; L72
_b6000
090 _ 6000 BR7603503
110 1 _aArbor Acres S.A. Avicultura, Campinas, SP (Brasil)
_9134
245 1 _aPrograma sanitario basico [inspecao sanitaria, ave domestica]
260 3 _aCampinas, SP (Brasil):
_c[nd].
300 _a9 p.
500 _aPublished 1976?
650 _aAVE DOMESTICA
650 _aINSPECAO SANITARIA
650 _aVACINA
650 _aHIGIENE VETERINARIA
909 _a202309
_bLucia
_c55
_dLucia Elande
942 _cBK
999 _c22483
_d22483